Calciatori Plurivincitori della Coppa Italia - Statistics

Statistiche generali
  • Questo quiz è stato fatto 31 volte
  • Il punteggio medio è 2 su 11
Statistiche sulle risposte
Numero edizioni vinte Squadre Calciatore % Corretto
6 Parma; Juventus Gianluigi Buffon
93%
6 Sampdoria; Lazio Roberto Mancini
86%
5 Inter; Napoli; Lazio Goran Pandev
21%
5 Lazio; Inter Dejan Stanković
14%
5 Fiorentina; Inter Francesco Toldo
10%
5 Lazio; Juventus Stephan Lichtsteiner
7%
5 Juventus Alex Sandro
3%
5 Roma Bruno Conti
3%
5 Lazio; Inter Giuseppe Favalli
3%
5 Sampdoria; Roma Fausto Salsano:
0%
5 Milan; Juventus Romeo BenettiRoma
0%
Nessun quiz corrispondente trovato
Distribuzione punteggi
Percentuale di utenti per punteggio
Percentile per numero di risposta
I tuoi punteggi nel tempo
Non hai fatto questo quiz